Contemporary management / (Record no. 591)

MARC details
000 -LEADER
fixed length control field 00608nam a2200205 a 4500
001 - CONTROL NUMBER
control field 591
005 - DATE AND TIME OF LATEST TRANSACTION
control field 20221127085959.0
008 - FIXED-LENGTH DATA ELEMENTS--GENERAL INFORMATION
fixed length control field 050920s lxxua 00100 eng d
020 ## - INTERNATIONAL STANDARD BOOK NUMBER
International Standard Book Number 0072469447(hpb) :
Terms of availability SR364.00
035 ## - SYSTEM CONTROL NUMBER
System control number 604
082 04 - DEWEY DECIMAL CLASSIFICATION NUMBER
Classification number 658
Item number J716 2003
100 1# - MAIN ENTRY--PERSONAL NAME
Personal name Jones, Gareth R.
245 10 - TITLE STATEMENT
Title Contemporary management /
Statement of responsibility, etc. Gareth R. Jones, J. George.
250 ## - EDITION STATEMENT
Edition statement 3rd ed.
260 ## - PUBLICATION, DISTRIBUTION, ETC.
Place of publication, distribution, etc. Boston, Mass. :
Name of publisher, distributor, etc. McGraw-Hill,
Date of publication, distribution, etc. 2003.
300 ## - PHYSICAL DESCRIPTION
Extent xxix, 732 p. :
Other physical details ill. ;
Dimensions 26 cm.
Accompanying material 1 CD.
504 ## - BIBLIOGRAPHY, ETC. NOTE
Bibliography, etc. note Includes bibl. references and index.
650 #4 - SUBJECT ADDED ENTRY--TOPICAL TERM
Topical term or geographic name entry element Management.
700 1# - ADDED ENTRY--PERSONAL NAME
Personal name George, Jennifer M.,
Relator term jt. auth.
Holdings
Withdrawn status Lost status Damaged status Not for loan Home library Current library Date acquired Total Checkouts Full call number Barcode Date last seen Copy number Price effective from Koha item type
        CENTRAL CENTRAL 11/27/2022   658 J716 2003 1000000000250 11/27/2022 C1 11/27/2022 Book